Т. 3; Новейшие достижения нефтехимии и нефтепереработки

Dades bibliogràfiques
Parent link:Новейшие достижения нефтехимии и нефтепереработки=Advances in petroleum chemistry and refining: пер. с англ./ под ред. Дж. Дж. Мак-Кет. Т. 3.— , 1960-1970
Idioma:rus
Publicat: 1962
Matèries:
Format: Llibre
KOHA link:https://koha.lib.tpu.ru/cgi-bin/koha/opac-detail.pl?biblionumber=92762

MARC

LEADER 00000nam2a2200000 4500
001 92762
005 20231101213839.0
035 |a (RuTPU)RU\TPU\book\99367 
090 |a 92762 
100 |a 20060317d1962 k y0rusy50 ca 
101 1 |a rus  |c eng 
102 |a RU 
105 |a a z 001zy 
200 0 |a Т. 3 
210 |d 1962 
215 |a 300 с.  |c ил. 
320 |a Библиогр. в конце разд. 
461 1 |0 (RuTPU)RU\TPU\book\100371  |t Новейшие достижения нефтехимии и нефтепереработки  |l Advances in petroleum chemistry and refining  |o пер. с англ.  |f под ред. Дж. Дж. Мак-Кет  |v Т. 3  |d 1960-1970 
606 1 |a Нефтехимический синтез  |2 stltpush  |3 (RuTPU)RU\TPU\subj\72455  |9 85966 
606 1 |a Нефтепереработка  |2 stltpush  |3 (RuTPU)RU\TPU\subj\72833  |9 86220 
610 1 |a нефтехимическая промышленность 
610 1 |a экономика 
610 1 |a процессы 
610 1 |a аппараты 
610 1 |a изомеризация 
610 1 |a гидрирование 
610 1 |a алканы 
610 1 |a углеводороды 
610 1 |a ацетилен 
610 1 |a сернистые соединения 
675 |a 665.652.7  |v 4 
675 |a 665.63  |v 4 
801 1 |a RU  |b 63413507  |c 20060317  |g PSBO 
801 2 |a RU  |b 63413507  |c 20171213  |g PSBO 
942 |c BK